Java cómo programar / Paul J. Deitel, H. M. Deitel (Registro nro. 22384)

Detalles MARC
000 -LÍDER
fixed length control field 00552nam a2200181 4500
008 - ELEMENTOS DE LONGITUD FIJA -- INFORMACIÓN GENERAL
fixed length control field 0 2008 0a 000 0Mex
020 ## - NÚMERO INTERNACIONAL NORMALIZADO PARA LIBROS
ISBN 970-26-1190-3, 978-970-26-1190-5
050 ## - SIGNATURA TOPOGRAFICA DE LA BIBLIOTECA DEL CONGRESO (LC)
Número de Clasificación QA76.73.J38 D4318 2008
082 ## - NUMERO DE CLASIFICACION DECIMAL DEWEY
Número de Clasificación 001.642.4 D354p
100 ## - ASIENTO PRINCIPAL--NOMBRE PERSONAL
Nombre personal Deitel, Paul J.
245 ## - TÍTULO
Título Java cómo programar / Paul J. Deitel, H. M. Deitel
250 ## - MENCIÓN DE EDICIÓN
Mención de edición 7
260 ## - PUBLICACIÓN, DISTRIBUCIÓN, ETC. (PIE DE IMPRENTA)
Lugar de publicación, distribución, etc. México : Pearson
300 ## - DESCRIPCIÓN FÍSICA
Extensión xxxvi, 1152 p. / 26 cm.
500 ## - NOTA GENERAL
Nota general Incluye cd rom
650 ## - ASIENTO SECUNDARIO DE MATERIA - TERMINO TEMÁTICO
Término temático o nombre geográfico como elemento de entrada 1. JAVA ( LENGUAJE DE PROGRAMACION )
700 ## - ASIENTO SECUNDARIO - NOMBRE PERSONAL
Nombre personal I. H.M. Deitel, coaut.
Existencias
No. biblioteca No. biblioteca Número de clasificación Código de barras/Número de adquisición Número de copia Tipo de material Otras carreras
LUIS G. INCLAN LUIS G. INCLAN 001.642.4 D354p 48449 1 Libros  
LUIS G. INCLAN LUIS G. INCLAN 001.642.4 D354p 49111 2 Libros  
LUIS G. INCLAN LUIS G. INCLAN 001.642.4 D354p 49224 3 Libros  
LUIS G. INCLAN LUIS G. INCLAN 001.642.4 D354p 49225 4 Libros  
LUIS G. INCLAN LUIS G. INCLAN 001.642.4 D354p 49342 5 Libros  
LUIS G. INCLAN LUIS G. INCLAN 001.642.4 D354p 49456 6 Libros  
ÁREA DE SISTEMAS COMPUTACIONALES LUIS G. INCLAN 001.642.4 D354p 53617 15 Libros ÁREA DE INDUSTRIAL
ÁREA DE SISTEMAS COMPUTACIONALES ÁREA DE SISTEMAS COMPUTACIONALES 001.642.4 D354p 50070 7 Libros  
ÁREA DE SISTEMAS COMPUTACIONALES ÁREA DE SISTEMAS COMPUTACIONALES 001.642.4 D354p 50253 8 Libros  
ÁREA DE SISTEMAS COMPUTACIONALES ÁREA DE SISTEMAS COMPUTACIONALES 001.642.4 D354p 50254 9 Libros  
ÁREA DE SISTEMAS COMPUTACIONALES ÁREA DE SISTEMAS COMPUTACIONALES 001.642.4 D354p 50973 10 Libros  
ÁREA DE SISTEMAS COMPUTACIONALES ÁREA DE SISTEMAS COMPUTACIONALES 001.642.4 D354p 51137 11 Libros  
ÁREA DE SISTEMAS COMPUTACIONALES ÁREA DE SISTEMAS COMPUTACIONALES 001.642.4 D354p 51138 12 Libros  
ÁREA DE SISTEMAS COMPUTACIONALES ÁREA DE SISTEMAS COMPUTACIONALES 001.642.4 D354p 51362 13 Libros  
ÁREA DE SISTEMAS COMPUTACIONALES ÁREA DE SISTEMAS COMPUTACIONALES 001.642.4 D354p 51363 14 Libros  
Calzada Tecnológico # 27, Zacatepec, Morelos.
01(734) 343-07-23 / 343-21-10 / 343-21-11
Apdo. Postal 45 C.P 62780